Biopsychology / Third Edition (Record no. 230)
[ view plain ]
| 000 -LEADER | |
|---|---|
| fixed length control field | 01242cam a22002054a 4500 |
| 005 - ΗΜΕΡΟΜΗΝΙΑ ΚΑΙ ΩΡΑ ΤΕΛΕΥΤΑΙΑΣ ΕΝΗΜΕΡΩΣΗΣ | |
| Πεδίο ελέγχου | 20260202144545.0 |
| 008 - FIXED-LENGTH DATA ELEMENTS--GENERAL INFORMATION | |
| Πεδίο ελέγχου σταθερού μήκους | 250528s ||||||||||||||||||||||||d |
| 035 ## - SYSTEM CONTROL NUMBER | |
| System control number | 14606 |
| 020 ## - ISBN | |
| ISBN | 205184456 |
| 040 ## - ΠΗΓΗ ΚΑΤΑΛΟΓΟΓΡΑΦΗΣΗΣ | |
| Φορέας πρωτότυπης καταλογογράφησης | MC Athens Campus Library |
| Γλώσσα καταλογογράφησης | Ελληνικά, Μοντέρνα (1453-) |
| Modifying agency | MC Athens Campus Library |
| Κανόνες περιγραφικής καταλογογράφησης | AACR2 |
| 245 1# - ΤΙΤΛΟΣ ΚΑΙ ΔΗΛΩΣΗ ΥΠΕΥΘΥΝΟΤΗΤΑΣ | |
| Τίτλος | Biopsychology / Third Edition |
| 250 ## - EDITION STATEMENT | |
| Edition statement | 3rd |
| 260 ## - PUBLICATION, DISTRIBUTION, ETC. | |
| Name of publisher, distributor, etc. | Addison-Wesley Publishing Company, |
| Date of publication, distribution, etc. | 1997 |
| 300 ## - PHYSICAL DESCRIPTION | |
| Extent | 582 |
| 520 ## - SUMMARY, ETC. | |
| Summary, etc. | Biopsychology as a Neuroscience, Evolution and Genetics and Experience: Asking the Right Questions about the Biology of Behavior, The Anatomy of the Nervous System, Neural Conduction and Synaptic Transmission, What Biopsychologists Do: The Research Methods of Biopsychology, Human Brain Damage and Animal Models, The Visual System: From Eye to Cortex, Mechanisms of Perception, The Sensorimotor System, The Biopsychology of Eating and Drinking, Hormones and Sex, Sleep and Dreaming and Circadian Rhythms, Drug Addiction and Reward Circuits in the Brain, Memory and Amnesia, Neuroplasticity: Development and Learning and Recovery from Brain Damage, Lateralization and Language and the Split Brain, Biopsychology of Emotion and Stress and Mental Illness. |
| 700 1# - ΠΡΟΣΘΕΤΗ ΑΝΑΓΡΑΦΗ--ΦΥΣΙΚΟ ΠΡΟΣΩΠΟ | |
| Personal name | Pinel, John P. J. |
| 9 (RLIN) | 334 |
| 942 ## - ADDED ENTRY ELEMENTS (KOHA) | |
| Koha item type | Books |
| Τύπος τεκμηρίου | Βιβλιοθήκη | Τρέχουσα τοποθεσία | Barcode | Αριθμός εισαγωγής | Ημερομηνία απόκτησης | Ταξιθετικό σύμβολο | Αριθμός αντιτύπου | Κατάσταση απόσυρσης | Κατάσταση χαμένου | Κατάσταση κατεστραμμένου | Μη δανεισμός | Σύνολο δανεισμών | Ημερομηνία τελευταίας εμφάνισης | Η τιμή ισχύει από |
|---|---|---|---|---|---|---|---|---|---|---|---|---|---|---|
| Books | MC Athens Campus Library | MC Athens Campus Library | 9780000002297 | 2684 | 05/06/2025 | 152 PIN | 1 | 05/06/2025 | 05/06/2025 |